| 000 | 01256na a2200277 4500 | ||
|---|---|---|---|
| 001 | 13410 | ||
| 003 | MIRAKIL | ||
| 005 | 20181213155113.0 | ||
| 008 | 161005b tu 000 0 | ||
| 035 | _a13410 | ||
| 040 |
_aMilas _btur _cTR-AnCHP |
||
| 041 | _atur | ||
| 082 |
_a323.06 _bI57 1999 |
||
| 090 | _a323.06 I57 1999 | ||
| 245 |
_aİnsan Hakları Koordinatör Üst Kurulu'nun çalışmaları IV _bBir insan hakkı olarak çevre hakkı ve uygulaması _cİnsan Hakları Koordinatör Üst Kurulu |
||
| 246 | _aBir insan hakkı olarak çevre hakkı ve uygulaması | ||
| 250 | _a2. bs. | ||
| 260 |
_aAnkara _bİnsan Hakları Koordinatör Üst Kurulu Yayınları _c1999 |
||
| 300 |
_avi, 56 s. _c20 sm. |
||
| 490 |
_aİnsan Hakları Koordinatör Üst Kurulu Yayınları _v4 |
||
| 505 | _ac. 1. Genel bilgiler ve basın açıklamaları -- c. 2. Kanun tasarıları, yönetmelikler, genelgeler, incelemeler ve adli rapor formları -- c. 3. İnsan hakları açısından kadının durumu, sorunları ve çözüm önerileri -- c. 4. Bir insan hakkı olarak çevre hakkı ve uygulaması. | ||
| 610 |
_aİnsan Hakları Koordinatör Üst Kurulu _xRaporlar |
||
| 650 |
_aSivil haklar _zTürkiye |
||
| 650 |
_aİnsan hakları _zTürkiye |
||
| 942 |
_2dcc _cBKS |
||
| 999 |
_c6613 _d6613 |
||